| 000 | 00441cam a2200169 4500 | ||
|---|---|---|---|
| 001 | D12301 | ||
| 008 | 090401t1882 xxu||||| |||| 00| 0 eng d | ||
| 035 | _a(Sirsi) u2554 | ||
| 041 | _aeng | ||
| 100 | _aBurn, R. Scott | ||
| 245 | _aDirectory for the improvement of landed property : rural and suburban. 2 vols | ||
| 260 |
_aEdinburgh _bWilliam Paterson _c1882 |
||
| 350 | _a0 | ||
| 520 | _aShelf 150 | ||
| 942 | _n0 | ||
| 948 | _c04/03/1997 | ||
| 999 |
_c85783 _d85783 |
||